Starting Lineups and Rotations in MLB as of 2/9/26 - Statistics

General Stats
  • This quiz has been taken 26 times
    13 since last reset
  • The average score is 314 of 425
Answer Stats
Team Position Player % Correct
New York Yankees RF Aaron Judge
100%
Philadelphia Phillies SP Aaron Nola
100%
Baltimore Orioles C Adley Rutschman
100%
Philadelphia Phillies RF Adolis García
100%
Miami Marlins C Agustín Ramírez
100%
Philadelphia Phillies 3B Alec Bohm
100%
Toronto Blue Jays C Alejandro Kirk
100%
Arizona Diamondbacks CF Alek Thomas
100%
Chicago Cubs 3B Alex Bregman
100%
Chicago White Sox LF Andrew Benintendi
100%
Milwaukee Brewers 1B Andrew Vaughn
100%
Los Angeles Dodgers CF Andy Pages
100%
Toronto Blue Jays LF Anthony Santander
100%
Atlanta Braves 3B Austin Riley
100%
Los Angeles Dodgers SP Blake Snell
100%
Kansas City Royals SS Bobby Witt Jr.
100%
New York Mets 3B Bo Bichette
100%
Cleveland Guardians C Bo Naylor
100%
Philadelphia Phillies LF Brandon Marsh
100%
Boston Red Sox SP Brayan Bello
100%
Seattle Mariners 3B Brendan Donovan
100%
Pittsburgh Pirates RF Bryan Reynolds
100%
Seattle Mariners SP Bryan Woo
100%
Philadelphia Phillies 1B Bryce Harper
100%
Seattle Mariners SP Bryce Miller
100%
Philadelphia Phillies 2B Bryson Stott
100%
Minnesota Twins CF Byron Buxton
100%
Seattle Mariners C Cal Raleigh
100%
Houston Astros 3B Carlos Correa
100%
Chicago Cubs C Carson Kelly
100%
Tampa Bay Rays CF Cedric Mullins
100%
Atlanta Braves SP Chris Sale
100%
Houston Astros 1B Christian Walker
100%
New York Yankees LF Cody Bellinger
100%
Seattle Mariners 2B Cole Young
100%
Chicago White Sox SS Colson Montgomery
100%
Arizona Diamondbacks RF Corbin Carroll
100%
Texas Rangers SS Corey Seager
100%
Philadelphia Phillies SP Cristopher Sánchez
100%
Chicago Cubs SS Dansby Swanson
100%
Toronto Blue Jays CF Daulton Varsho
100%
Chicago White Sox SP Davis Martin
100%
St. Louis Cardinals SP Dustin May
100%
Toronto Blue Jays SP Dylan Cease
100%
Arizona Diamondbacks SP Eduardo Rodriguez
100%
Cincinnati Reds SS Elly De La Cruz
100%
Cincinnati Reds DH Eugenio Suárez
100%
Miami Marlins SP Eury Pérez
100%
Colorado Rockies SS Ezequiel Tovar
100%
San Diego Padres RF Fernando Tatis Jr.
100%
Detroit Tigers SP Framber Valdez
100%
New York Mets C Francisco Alvarez
100%
New York Mets SS Francisco Lindor
100%
Los Angeles Dodgers 1B Freddie Freeman
100%
New York Mets SP Freddy Peralta
100%
Arizona Diamondbacks C Gabriel Moreno
100%
Boston Red Sox SP Garrett Crochet
100%
Cleveland Guardians SP Gavin Williams
100%
Seattle Mariners SP George Kirby
100%
Arizona Diamondbacks SS Geraldo Perdomo
100%
New York Yankees DH Giancarlo Stanton
100%
Detroit Tigers 2B Gleyber Torres
100%
Los Angeles Angels SP Grayson Rodriguez
100%
Baltimore Orioles SS Gunnar Henderson
100%
San Francisco Giants CF Harrison Bader
100%
Atlanta Braves SS Ha-Seong Kim
100%
Cincinnati Reds SP Hunter Greene
100%
Milwaukee Brewers LF Jackson Chourio
100%
San Diego Padres CF Jackson Merrill
100%
Texas Rangers SP Jacob deGrom
100%
Athletics SP Jacob Lopez
100%
Athletics SS Jacob Wilson
100%
Washington Nationals CF Jacob Young
100%
Texas Rangers 1B Jake Burger
100%
San Diego Padres 1B Jake Cronenworth
100%
Washington Nationals DH James Wood
100%
New York Yankees 2B Jazz Chisholm Jr.
100%
Athletics 2B Jeff McNeil
100%
Houston Astros SS Jeremy Peña
100%
Houston Astros RF Jesús Sanchez
100%
Milwaukee Brewers SS Jett Williams
100%
Los Angeles Angels CF Jo Adell
100%
Texas Rangers DH Joc Pederson
100%
Minnesota Twins SP Joe Ryan
100%
St. Louis Cardinals RF Jordan Walker
100%
New York Mets DH Jorge Polanco
100%
Houston Astros 2B Jose Altuve
100%
Toronto Blue Jays SP José Berríos
100%
Cleveland Guardians 3B José Ramírez
100%
Minnesota Twins 1B Josh Bell
100%
Texas Rangers 3B Josh Jung
100%
Seattle Mariners 1B Josh Naylor
100%
Texas Rangers 2B Josh Smith
100%
Washington Nationals SP Josiah Gray
100%
Seattle Mariners SS J.P. Crawford
100%
Philadelphia Phillies C J.T. Realmuto
100%
New York Mets RF Juan Soto
100%
Seattle Mariners CF Julio Rodriguez
100%
Tampa Bay Rays 3B Junior Caminero
100%
Philadelphia Phillies CF Justin Crawford
100%
Detroit Tigers DH Kerry Carpenter
100%
Arizona Diamondbacks 2B Ketel Marte
100%
Toronto Blue Jays SP Kevin Gausman
100%
Philadelphia Phillies DH Kyle Schwarber
100%
Los Angeles Dodgers RF Kyle Tucker
100%
Houston Astros SP Lance McCullers Jr.
100%
Athletics RF Lawrence Butler
100%
Seattle Mariners SP Logan Gilbert
100%
Milwaukee Brewers SP Logan Henderson
100%
San Francisco Giants SP Logan Webb
100%
San Francisco Giants 2B Luis Arráez
100%
Seattle Mariners SP Luis Castillo
100%
Washington Nationals 1B Luis García Jr.
100%
New York Yankees SP Luis Gil
100%
New York Mets CF Luis Robert Jr.
100%
Athletics SP Luis Severino
100%
Kansas City Royals 3B Maikel Garcia
100%
San Diego Padres 3B Manny Machado
100%
Pittsburgh Pirates DH Marcell Ozuna
100%
New York Mets 2B Marcus Semien
100%
San Francisco Giants 3B Matt Chapman
100%
Atlanta Braves 1B Matt Olson
100%
New York Yankees SP Max Fried
100%
Arizona Diamondbacks SP Merrill Kelly
100%
Atlanta Braves CF Michael Harris II
100%
Kansas City Royals SP Michael Wacha
100%
Pittsburgh Pirates SP Mitch Keller
100%
Los Angeles Dodgers SS Mookie Betts
100%
Chicago White Sox 1B Munetaka Murakami
100%
Tampa Bay Rays SP Nick Martinez
100%
Cincinnati Reds RF Noelvi Marte
100%
Arizona Diamondbacks 3B Nolan Arenado
100%
Pittsburgh Pirates CF Oneil Cruz
100%
Miami Marlins SS Otto Lopez
100%
Atlanta Braves 2B Ozzie Albies
100%
Minnesota Twins SP Pablo López
100%
San Francisco Giants C Patrick Bailey
100%
Pittsburgh Pirates SP Paul Skenes
100%
Arizona Diamondbacks DH Pavin Smith
100%
St. Louis Cardinals C Pedro Pagés
100%
Baltimore Orioles 1B Pete Alonso
100%
Chicago Cubs CF Pete Crow-Armstrong
100%
San Francisco Giants 1B Rafael Devers
100%
Boston Red Sox SP Ranger Suárez
100%
Detroit Tigers SP Reese Olson
100%
Atlanta Braves SP Reynaldo López
100%
Detroit Tigers LF Riley Greene
100%
Atlanta Braves RF Ronald Acuña Jr.
100%
New York Yankees 3B Ryan McMahon
100%
Kansas City Royals C Salvador Perez
100%
Miami Marlins SP Sandy Alcantara
100%
Chicago Cubs RF Seiya Suzuki
100%
Kansas City Royals SP Seth Lugo
100%
Tampa Bay Rays SP Shane McClanahan
100%
Chicago White Sox SP Shane Smith
100%
Los Angeles Dodgers DH | SP Shohei Ohtani
100%
Minnesota Twins SP Simeon Woods Richardson
100%
Boston Red Sox SP Sonny Gray
100%
Atlanta Braves SP Spencer Strider
100%
Detroit Tigers 1B Spencer Torkelson
100%
Cleveland Guardians LF Steven Kwan
100%
Philadelphia Phillies SP Taijuan Walker
100%
Detroit Tigers SP Tarik Skubal
100%
Baltimore Orioles LF Taylor Ward
100%
Los Angeles Dodgers LF Teoscar Hernández
100%
Los Angeles Dodgers 2B Tommy Edman
100%
Philadelphia Phillies SS Trea Turner
100%
New York Yankees CF Trent Grisham
100%
Baltimore Orioles SP Trevor Rogers
100%
Boston Red Sox SS Trevor Story
100%
Los Angeles Dodgers SP Tyler Glasnow
100%
Kansas City Royals 1B Vinnie Pasquantino
100%
Detroit Tigers RF Wenceel Pérez
100%
Milwaukee Brewers C William Contreras
100%
Los Angeles Dodgers C Will Smith
100%
Boston Red Sox 1B Willson Contreras
100%
San Francisco Giants SS Willy Adames
100%
San Diego Padres SS Xander Bogaerts
100%
Houston Astros C Yainer Diaz
100%
Tampa Bay Rays DH Yandy Díaz
100%
Houston Astros LF Yordan Alvarez
100%
Los Angeles Dodgers SP Yoshinobu Yamamoto
100%
St. Louis Cardinals 1B Alec Burleson
80%
Chicago White Sox RF Austin Hays
80%
New York Yankees C Austin Wells
80%
New York Yankees 1B Ben Rice
80%
Pittsburgh Pirates 2B Brandon Lowe
80%
Texas Rangers RF Brandon Nimmo
80%
Milwaukee Brewers SP Brandon Woodruff
80%
Athletics DH Brent Rooker
80%
New York Mets DH Brett Baty
80%
Chicago White Sox CF Brooks Baldwin
80%
Minnesota Twins SS Brooks Lee
80%
New York Yankees SP Cam Schlittler
80%
Boston Red Sox C Carlos Narváez
80%
Arizona Diamondbacks 1B Carlos Santana
80%
Milwaukee Brewers DH Christian Yelich
80%
Washington Nationals SS CJ Abrams
80%
New York Mets SP Clay Holmes
80%
Kansas City Royals SP Cole Ragans
80%
Baltimore Orioles CF Colton Cowser
80%
Baltimore Orioles SP Dean Kremer
80%
Atlanta Braves C Drake Baldwin
80%
Chicago Cubs SP Edward Cabrera
80%
Cleveland Guardians 2B Gabriel Arias
80%
Milwaukee Brewers CF Garrett Mitchell
80%
Toronto Blue Jays DH George Springer
80%
San Francisco Giants LF Heliot Ramos
80%
Houston Astros SP Hunter Brown
80%
Colorado Rockies C Hunter Goodman
80%
Chicago Cubs LF Ian Happ
80%
Detroit Tigers SP Jack Flaherty
80%
Chicago Cubs SP Jameson Taillon
80%
Pittsburgh Pirates C Joey Bart
80%
Milwaukee Brewers 3B Joey Ortiz
80%
Baltimore Orioles 3B Jordan Westburg
80%
Los Angeles Angels LF Jorge Soler
80%
New York Yankees SS José Caballero
80%
Los Angeles Angels SP José Soriano
80%
Los Angeles Angels RF Josh Lowe
80%
San Francisco Giants RF Jung Hoo Lee
80%
Atlanta Braves DH Jurickson Profar
80%
Washington Nationals C Keibert Ruiz
80%
New York Mets SP Kodai Senga
80%
Colorado Rockies SP Kyle Freeland
80%
St. Louis Cardinals LF Lars Nootbaar
80%
Los Angeles Angels C Logan O'Hoppe
80%
Texas Rangers SP MacKenzie Gore
80%
Boston Red Sox 3B Marcelo Mayer
80%
St. Louis Cardinals SS Masyn Winn
80%
St. Louis Cardinals SP Matthew Liberatore
80%
Miami Marlins SP Max Meyer
80%
Athletics | Los Angeles Dodgers 3B Max Muncy
80%
San Diego Padres SP Michael King
80%
Chicago White Sox 3B Miguel Vargas
80%
Atlanta Braves LF Mike Yastrzemski
80%
Texas Rangers SP Nathan Eovaldi
80%
Pittsburgh Pirates SS Nick Gonzales
80%
Athletics 1B Nick Kurtz
80%
Chicago Cubs 2B Nico Hoerner
80%
Detroit Tigers CF Parker Meadows
80%
Seattle Mariners LF Randy Arozarena
80%
San Francisco Giants SP Robbie Ray
80%
Los Angeles Dodgers SP Roki Sasaki
80%
Boston Red Sox LF Roman Anthony
80%
Minnesota Twins C Ryan Jeffers
80%
Pittsburgh Pirates LF Ryan O'Hearn
80%
Milwaukee Brewers RF Sal Frelick
80%
Athletics C Shea Langeliers
80%
Chicago Cubs SP Shota Imanaga
80%
Tampa Bay Rays SP Steven Matz
80%
Cincinnati Reds CF TJ Friedl
80%
Toronto Blue Jays 1B Vladimir Guerrero Jr.
80%
Boston Red Sox RF Wilyer Abreu
80%
Miami Marlins 2B Xavier Edwards
80%
Los Angeles Angels SP Yusei Kikuchi
80%
Houston Astros LF Zach Cole
80%
Los Angeles Angels SS Zach Neto
80%
Toronto Blue Jays RF Addison Barger
60%
San Francisco Giants SP Adrian Houser
60%
Toronto Blue Jays SS Andrés Giménez
60%
Minnesota Twins SP Bailey Ober
60%
Washington Nationals 3B Brady House
60%
Cleveland Guardians SS Brayan Rocchio
60%
Colorado Rockies CF Brenton Doyle
60%
Milwaukee Brewers 2B Brice Turang
60%
Detroit Tigers SP Casey Mize
60%
Chicago White Sox 2B Chase Meidroth
60%
Los Angeles Angels 3B Christian Moore
60%
Miami Marlins 3B Connor Norby
60%
Texas Rangers C Danny Jansen
60%
New York Mets SP David Peterson
60%
Athletics CF Denzel Clarke
60%
Detroit Tigers C Dillon Dingler
60%
Tampa Bay Rays SP Drew Rasmussen
60%
Chicago White Sox SP Erick Fedde
60%
Toronto Blue Jays 2B Ernie Clement
60%
Texas Rangers CF Evan Carter
60%
Washington Nationals SP Foster Griffin
60%
San Diego Padres C Freddy Fermin
60%
Atlanta Braves SP Hurston Waldrep
60%
St. Louis Cardinals DH Iván Herrera
60%
Baltimore Orioles 2B Jackson Holliday
60%
Miami Marlins CF Jakob Marsee
60%
Pittsburgh Pirates 3B Jared Triolo
60%
Boston Red Sox DH Jarren Duran
60%
Athletics SP Jeffrey Springs
60%
San Diego Padres SP Joe Musgrove
60%
Tampa Bay Rays 1B Jonathan Aranda
60%
Colorado Rockies LF Jordan Beck
60%
Toronto Blue Jays 3B Kazuma Okamoto
60%
Cincinnati Reds 3B Ke'Bryan Hayes
60%
Kansas City Royals SP Kris Bubic
60%
Baltimore Orioles SP Kyle Bradish
60%
Kansas City Royals CF Kyle Isbel
60%
Miami Marlins LF Kyle Stowers
60%
Chicago White Sox C Kyle Teel
60%
San Francisco Giants SP Landen Roupp
60%
Cleveland Guardians SP Logan Allen
60%
Minnesota Twins 2B Luke Keaschall
60%
Chicago Cubs SP Matthew Boyd
60%
Minnesota Twins RF Matt Wallner
60%
Chicago Cubs 1B Michael Busch
60%
Colorado Rockies SP Michael Lorenzen
60%
Los Angeles Angels DH Mike Trout
60%
Washington Nationals 2B Nasim Nunez
60%
Tampa Bay Rays C Nick Fortes
60%
San Diego Padres SP Nick Pivetta
60%
St. Louis Cardinals 3B Nolan Gorman
60%
New York Mets SP Nolan McLean
60%
Los Angeles Angels 1B Nolan Schanuel
60%
San Diego Padres SP Randy Vásquez
60%
Los Angeles Angels SP Reid Detmers
60%
Minnesota Twins 3B Royce Lewis
60%
Tampa Bay Rays SP Ryan Pepiot
60%
Arizona Diamondbacks SP Ryne Nelson
60%
Cincinnati Reds 1B Sal Stewart
60%
Baltimore Orioles DH Samuel Basallo
60%
Chicago White Sox SP Sean Burke
60%
New York Mets SP Sean Manaea
60%
Baltimore Orioles SP Shane Baz
60%
Pittsburgh Pirates 1B Spencer Horwitz
60%
Atlanta Braves SP Spencer Schwellenbach
60%
Cleveland Guardians SP Tanner Bibee
60%
Houston Astros SP Tatsuya Imai
60%
Toronto Blue Jays SP Trey Yesavage
60%
Athletics LF Tyler Soderstrom
60%
Cincinnati Reds C Tyler Stephenson
60%
Seattle Mariners RF Victor Robles
60%
St. Louis Cardinals CF Victor Scott II
60%
Texas Rangers LF Wyatt Langford
60%
Baltimore Orioles SP Zach Eflin
60%
Cincinnati Reds SP Andrew Abbott
40%
Philadelphia Phillies SP Andrew Painter
40%
Chicago White Sox SP Anthony Kay
40%
Cincinnati Reds SP Brady Singer
40%
Arizona Diamondbacks SP Brandon Pfaadt
40%
Miami Marlins SP Braxton Garrett
40%
San Francisco Giants DH Bryce Eldridge
40%
Pittsburgh Pirates SP Bubba Chandler
40%
Washington Nationals SP Cade Cavalli
40%
Boston Red Sox 2B Caleb Durbin
40%
Kansas City Royals DH Carter Jensen
40%
Boston Red Sox CF Ceddanne Rafaela
40%
Cincinnati Reds SP Chase Burns
40%
Colorado Rockies SP Chase Dollander
40%
Miami Marlins SP Chris Paddack
40%
Washington Nationals LF Daylen Lile
40%
Seattle Mariners DH Dominic Canzone
40%
Washington Nationals RF Dylan Crews
40%
Chicago White Sox DH Edgar Quero
40%
Colorado Rockies 2B Edouard Julien
40%
Los Angeles Dodgers SP Emmet Sheehan
40%
San Diego Padres DH Gavin Sheets
40%
Miami Marlins DH Griffin Conine
40%
Kansas City Royals LF Isaac Collins
40%
Kansas City Royals RF Jac Caglianone
40%
Texas Rangers SP Jack Leiter
40%
Milwaukee Brewers SP Jacob Misiorowski
40%
Houston Astros CF Jake Meyers
40%
Philadelphia Phillies SP Jesús Luzardo
40%
Boston Red Sox SP Johan Oviedo
40%
Kansas City Royals 2B Jonathan India
40%
Arizona Diamondbacks LF Jordan Lawlar
40%
Cleveland Guardians 1B Kyle Manzardo
40%
Athletics SP Luis Morales
40%
Colorado Rockies DH Mickey Moniak
40%
Chicago Cubs DH Moisés Ballesteros
40%
Cincinnati Reds SP Nick Lodolo
40%
San Diego Padres LF Ramón Laureano
40%
New York Yankees SP Ryan Weathers
40%
Toronto Blue Jays SP Shane Bieber
40%
Tampa Bay Rays SS Taylor Walls
40%
Minnesota Twins LF Trevor Larnach
40%
San Francisco Giants SP Tyler Mahle
40%
Minnesota Twins DH Victor Caratini
40%
Colorado Rockies 3B Willi Castro
40%
New York Yankees SP Will Warren
40%
Detroit Tigers SS Zach McKinstry
40%
Los Angeles Angels SP Alek Manoah
20%
St. Louis Cardinals SP Andre Pallante
20%
Washington Nationals SP Brad Lord
20%
Pittsburgh Pirates SP Braxton Ashcraft
20%
New York Mets LF Carson Benge
20%
Milwaukee Brewers SP Chad Patrick
20%
Tampa Bay Rays LF Chandler Simpson
20%
Cleveland Guardians CF Chase DeLauter
20%
Detroit Tigers 3B Colt Keith
20%
Houston Astros SP Cristian Javier
20%
Baltimore Orioles RF Dylan Beavers
20%
Tampa Bay Rays 2B Gavin Lux
20%
Cleveland Guardians RF George Valera
20%
Tampa Bay Rays RF Jake Fraley
20%
Colorado Rockies RF Jake McCarthy
20%
Cincinnati Reds LF JJ Bleday
20%
St. Louis Cardinals 2B JJ Wetherholt
20%
Cleveland Guardians SP Joey Cantillo
20%
San Diego Padres SP JP Sears
20%
St. Louis Cardinals SP Kyle Leahy
20%
Cincinnati Reds 2B Matt McLain
20%
St. Louis Cardinals SP Michael McGreevy
20%
Arizona Diamondbacks SP Michael Soroka
20%
Houston Astros SP Mike Burrows
20%
Kansas City Royals SP Noah Cameron
20%
Miami Marlins RF Owen Caissie
20%
Colorado Rockies SP Ryan Feltner
20%
Cleveland Guardians SP Slade Cecconi
20%
Minnesota Twins SP Taj Bradley
20%
Colorado Rockies SP Tanner Gordon
20%
Chicago Cubs SP Cade Horton
0%
Pittsburgh Pirates SP Carmen Mlodzinski
0%
Cleveland Guardians DH C.J. Kayfus
0%
Toronto Blue Jays SP Cody Ponce
0%
Miami Marlins 1B Graham Pauley
0%
Texas Rangers SP Jacob Latz
0%
Washington Nationals SP Jake Irvin
0%
Athletics SP Luis Medina
0%
Milwaukee Brewers SP Quinn Priester
0%
Houston Astros SP Ryan Weiss
0%
San Diego Padres 2B Sung Mun Song
0%
Colorado Rockies 1B Troy Johnston
0%
Los Angeles Angels 2B Vaughn Grissom
0%
Minnesota Twins SP Zebby Matthews
0%
No matching quizzes found
Score Distribution
Percent of People with Each Score
Percentile by Number Answered
Your Score History
You have not taken this quiz since the last reset